000 00405nam a2200169Ia 4500
100 _aRizvi/M.Ashraf
650 _aCommunication Skill
942 _cBK
366 _f15
654 _atechnical communication
245 _aEffective technical Communication
260 _bMcGraw Hill International
_aNew Delhi
_c2005
082 _a808.066/RIZ
_bRIZ
300 _a545
546 _aENGLISH
999 _c32165
_d32165